000 01068nam a2200277 i 4500
001 bg
100 1 _aFRENKEL, Izasław
_d(1929- )
245 1 0 _aLudność, zatrudnienie i bezrobocie na wsi :
_bdekada przemian /
_cIzasław Frenkel.
260 _aWarszawa :
_bInstytut Rozwoju Wsi i Rolnictwa Polskiej Akademii Nauk,
_c2003.
300 _a215 s. :
_bil. (w tym kolor.), mapy ;
_c24 cm.
490 1 _aProblemy Rozwoju Wsi i Rolnictwa
500 _aStreszcz. ang.
504 _aBibliogr.
650 9 _aWieś
_xbezrobocie
_zPolska
_yod 1989 r.
650 9 _aWieś
_xludność
_zPolska
_yod 1989 r.
650 9 _aWieś
_xzatrudnienie
_zPolska
_yod 1989 r.
830 _aProblemy Rozwoju Wsi i Rolnictwa
020 _a8385369635
040 _cBPK
041 0 _apol
_beng
080 _a314.9:331.5](438-22)"1989/..."(083.41)
920 _a83-85369-63-5
942 _cKS
008 s pl f |000 0 pol
999 _c44033
_d44033
856 _uhttp://koha.tu.koszalin.pl/cgi-bin/koha/opac-detail.pl?biblionumber=44033
_yKatalog online BPK